JEUX VIDEO ET DEBATS - NEKFEU - PAROLES - PARTIE 2 - Statistiques

Statistiques générales
  • Ce quiz a été pris 3 fois
  • Le résultat moyen est 47 sur 244
Statistiques - réponses
Réponse % Correct
a
100%
à
100%
au
50%
aux
50%
ça
50%
c'est
50%
coeur
50%
combien
50%
comme
50%
de
50%
des
50%
du
50%
en
50%
et
50%
fois
50%
je
50%
la
50%
le
50%
les
50%
ma
50%
mais
50%
mes
50%
moi
50%
50%
pas
50%
penses
50%
pour
50%
qu'à
50%
si
50%
sur
50%
ta
50%
t'es
50%
tes
50%
ton
50%
Tu
50%
tu
50%
veux
50%
y'a
50%
acérés
0%
âme
0%
appart
0%
après
0%
avant
0%
avec
0%
bave
0%
besoin
0%
bon
0%
bourreau
0%
carré
0%
celui-là
0%
chambre
0%
cheveux
0%
chez
0%
chiffres
0%
collabs
0%
crocs
0%
dans
0%
débats
0%
défend
0%
derrière
0%
descendant
0%
deux
0%
deviennent
0%
dévorer
0%
d'hab
0%
dira
0%
d'une
0%
embrouille
0%
eux
0%
faut
0%
forains
0%
forêts
0%
fous
0%
gagné
0%
glisse
0%
grossir
0%
haut
0%
homme
0%
impartial
0%
importune-nous
0%
j'ai
0%
j'avais
0%
j'chante
0%
j'étais
0%
jeux
0%
j'existe
0%
j'me
0%
j'm'impatiente
0%
j'rappe
0%
j'sais
0%
j'suis
0%
khos
0%
l'apparence
0%
loot
0%
loupe
0%
loutre
0%
louve
0%
l'ouvres
0%
mal
0%
malboro
0%
malette
0%
manette
0%
même
0%
menace
0%
mieux
0%
moins
0%
morose
0%
mourront
0%
néanmoins
0%
néant
0%
neutre
0%
neuve
0%
nez
0%
noms
0%
nôtres
0%
nous
0%
nouvelles
0%
on
0%
part
0%
passé
0%
passe
0%
peau
0%
persol
0%
personne
0%
peut
0%
pose
0%
quand
0%
qu'ça
0%
que
0%
qui
0%
raisonnables
0%
rap
0%
rapper
0%
regard
0%
repars
0%
restes
0%
retourner
0%
rêves
0%
rien
0%
se
0%
seul
0%
sois
0%
sommet
0%
son
0%
sous
0%
spacieux
0%
spartiate
0%
spatiaux
0%
spatio
0%
système
0%
t'apportes
0%
tellement
0%
t'loupes
0%
torture
0%
touches
0%
traître
0%
trésor
0%
un
0%
une
0%
vauriens
0%
veste
0%
veut
0%
vide
0%
vidéos
0%
voir
0%
vont
0%
vus
0%
Aucun quiz correspondant
Distribution des résultats
% des personnes avec chaque résultat
Percentile par nombre de réponses
Votre historique - résultats
Vous n’avez pas pris ce quiz